| 000 | 00433nam a2200181Ia 4500 | ||
|---|---|---|---|
| 001 | 17826 | ||
| 005 | 20260306171545.0 | ||
| 008 | 260306s9999||||xx |||||||||||||| ||und|| | ||
| 041 | _aESP | ||
| 082 |
_a658.3 _bA43A |
||
| 100 |
_aAlles, Martha Alicia _eAUT |
||
| 245 | 0 | _aCómo ser un buen jefe en 12 pasos | |
| 260 | _c2008 | ||
| 300 |
_a130 páginas : _c23 cm. |
||
| 650 | _aGEN | ||
| 654 | _aCAN | ||
| 942 |
_cLIB _dJUS _fJUS _2ddc _n |
||
| 999 |
_c17826 _d17826 |
||